Pivstolittja Bardijivkoji himnaziji

Bibliographic Details
Main Authors: Rusín, Ivan (Author), Rusin, Ivan (Author)
Format: Article
Language:Ukrainian
Subjects:

MARC

LEADER 00000nab a2200000 a 4500
001 vtls000295110
003 SK-MaSNL
005 20260319074943.0
008 180130c1987 xo 0 ukr
015 |a SNBRB19rr/mm-uuuuu 
035 |a CL0305229 
040 |a SNKBUCL  |b slo  |c SNKBUCL  |e AACR2 
041 0 |a ukr 
044 |a xo  |c SK 
080 |a 373.54  |2 1981 
100 1 |a Rusín, Ivan  |4 aut  |9 949357 
245 1 0 |a Pivstolittja Bardijivkoji himnaziji  |c Ivan Rusín ; Ivan Rusin 
500 |a /Pokračovanie./ 
650 0 7 |a Gymnázium (Bardejov, Slovensko)  |2 snkbucl  |9 949349 
655 7 |a články z novín a časopisov  |2 snkbucl  |9 267496 
700 1 |a Rusin, Ivan  |4 aut  |9 949357 
773 0 |t Nove žyttja  |g Roč. 37, č. 26 (26. 6. 1987), s. 7 
850 |a Slovenská národná knižnica v Martine  |a MTA001 
852 |a SNK  |b KIS3GCP 
958 |a RK 
958 |a UK 
992 |a RBX 
999 |c 1514101  |d 1516031